Budgets and financial management in higher education
This book provides an understanding of the basics of budgeting and fiscal management in higher education. Defines the elements of a budget, the budget cycle, and the steps for creating a budget. Suggests ways of avoiding common pitfalls and problems of managing budgets.....
সংরক্ষণ করুন:
| প্রধান লেখক: | |
|---|---|
| অন্যান্য লেখক: | |
| বিন্যাস: | গ্রন্থ |
| ভাষা: | Vietnamese |
| প্রকাশিত: |
San Francisco
Jossey-Bass
2018
|
| সংস্করন: | 3rd ed. |
| বিষয়গুলি: | |
| ট্যাগগুলো: |
ট্যাগ যুক্ত করুন
কোনো ট্যাগ নেই, প্রথমজন হিসাবে ট্যাগ করুন!
|
| Thư viện lưu trữ: | Thư viện Trường Đại học Nam Cần Thơ |
|---|
| LEADER | 01073nam a22002177a 4500 | ||
|---|---|---|---|
| 001 | NCT_67361 | ||
| 008 | 190830b xxu||||| |||| 00| 0 vie d | ||
| 999 | |c 3253 |d 3253 | ||
| 020 | |a 9781119287735 |c 1246500 | ||
| 082 | 0 | 4 | |2 23rd ed. |a 658 |b B268 |
| 100 | 1 | |a Barr, Margaret J. | |
| 245 | 1 | 0 | |a Budgets and financial management in higher education |c Margaret J. Barr, George S. McClellan |
| 250 | |a 3rd ed. | ||
| 260 | |a San Francisco |b Jossey-Bass |c 2018 | ||
| 300 | |a xv, 217 p. |c 24cm | ||
| 520 | 3 | |a This book provides an understanding of the basics of budgeting and fiscal management in higher education. Defines the elements of a budget, the budget cycle, and the steps for creating a budget. Suggests ways of avoiding common pitfalls and problems of managing budgets..... | |
| 653 | |a Quản trị kinh doanh | ||
| 700 | 1 | |a McClellan, George S. | |
| 942 | |2 ddc |c BK | ||
| 952 | |0 0 |1 0 |2 ddc |4 0 |6 658_000000000000000_B268 |7 0 |9 17541 |a 000001 |b 000001 |d 2019-08-30 |o 658 B268 |p MD.15912 |r 2019-08-30 |v 999999.99 |w 2019-08-30 |y BK | ||
| 980 | |a Thư viện Trường Đại học Nam Cần Thơ | ||


